Statistiques concernant Les 13 défaites d'affiler de l'om en ldc (record)

Cliquez ici pour prendre le quiz!

Statistiques générales

  • Ce quiz a été pris 92 fois
  • Le résultat moyen est 8 sur 13

Statistiques - réponses

Réponse% Correct
20200-3Manchester City
77%
20131-2Borussia Dortmund
68%
20130-3Borussia Dortmund
67%
20200-3Porto
66%
20131-2Arsenal
64%
20130-2Arsenal
64%
20131-2Naples
61%
20132-3Naples
59%
20200-2Porto
58%
20121-2Inter Milan
55%
20120-2Bayern München
47%
20120-2Bayern München
47%
20200-1Olympiacos
30%

Distribution des résultats

Percentile par nombre de réponses

% des personnes avec chaque résultat

Votre développement - résultats

Vous n’avez pas pris ce quiz